Central Library OPAC University of Rajshahi

Hubert Howe Bancroft, historian of the West / (Record no. 63041)

MARC details
000 -LEADER
fixed length control field 00885nam a2200253 a 4500
001 - CONTROL NUMBER
control field 63041
003 - CONTROL NUMBER IDENTIFIER
rucl marc code BD-RjUL
005 - DATE AND TIME OF LATEST TRANSACTION
control field 20211209081143.0
008 - FIXED-LENGTH DATA ELEMENTS--GENERAL INFORMATION
fixed length control field 170128r19701946caucfh b 000 0beng d
035 ## - SYSTEM CONTROL NUMBER
System control number (BD-RjUL)63169
040 ## - CATALOGING SOURCE
Original cataloging agency California. Univ. Libr.
Transcribing agency MRC
Modifying agency SER
-- OCL
-- BNG
-- BD-RjUL
-- EQO
Language of cataloging eng
041 ## - LANGUAGE CODE
Language code of text/sound track or separate title eng
082 ## - DEWEY DECIMAL CLASSIFICATION NUMBER
Classification number 973.8
Author mark and year CAH 1970
090 ## - LOCALLY ASSIGNED LC-TYPE CALL NUMBER (OCLC); LOCAL CALL NUMBER (OCLC)
Classification number (OCLC) (R) ; Classification number, CALL (RLIN) (NR) E175.5
Local cutter number (OCLC) ; Book number/undivided call number, CALL (RLIN) .B199
100 1# - MAIN ENTRY--PERSONAL NAME
Personal name Caughey, John Walton,
Dates associated with a name 1902-1995
9 (RLIN) 187537
245 00 - TITLE STATEMENT
Title Hubert Howe Bancroft, historian of the West /
Statement of responsibility, etc. [by] John Walton Caughey.
260 ## - PUBLICATION, DISTRIBUTION, ETC. (IMPRINT)
Place of publication, distribution, etc. Berkeley ;
-- Los Angeles :
Name of publisher, distributor, etc. University of California Press,
Date of publication, distribution, etc. 1946 [Reissued 1970]
300 ## - PHYSICAL DESCRIPTION
Pagination ix p., 2 β., 422 p. :
Illustrations ill. ;
Size 23 cm.
504 ## - BIBLIOGRAPHY, ETC. NOTE
Bibliography, etc Bibliographical foot-notes.
600 10 - SUBJECT ADDED ENTRY--PERSONAL NAME
Personal name Bancroft, Hubert Howe,
Dates associated with a name 1832-1918.
610 20 - SUBJECT ADDED ENTRY--CORPORATE NAME
Corporate name or jurisdiction name as entry element Bancroft Library.
650 #0 - SUBJECT ADDED ENTRY--TOPICAL TERM
Topical term or geographic name as entry element Historians
Geographic subdivision United States.
9 (RLIN) 187540
942 ## - ADDED ENTRY ELEMENTS (KOHA)
Source of classification or shelving scheme Dewey Decimal Classification
Koha item type Books
Holdings
Lost status Source of classification or shelving scheme Damaged status Not for loan Collection code Permanent Location Current Location Shelving location Date acquired Source of acquisition Total Checkouts Full call number Date last seen Copy number Koha item type
  Dewey Decimal Classification   Not For Loan Non-fiction Central Library, University of Rajshahi Central Library, University of Rajshahi Reading Room 18/07/1985 Asia Foundation   973.8 CAH 1970 28/01/2017 C-1 Books